Primeval Quiz - Statistics

General Stats
  • This quiz has been taken 142 times
  • The average score is 6 of 12
Answer Stats
Hint Answer % Correct
Has an estranged wife Nick Cutter
97%
Abby's Coelurosauravus Rex
92%
Connor's other friend, infected by a parasite Tom
73%
"......! Open the door, OPEN IT!!!" Stephen Hart
66%
Connor's friend Duncan
65%
The first creature we see in S1E1 Gorgonopsid
54%
Gulf War veteran, head of military operations Captain Ryan
45%
Abby: "We moved from that place months ago..." Home Office
41%
The majority of S2E1 takes part in...(location) Castle Cross Shopping Mall
39%
"...., you're never going to make me beg for my life," Oliver Leek
35%
The technology Leek used to control the predators Neural Clamp
19%
Stephen's ex-girlfriend in Series 1 Alison
17%
No matching quizzes found
Score Distribution
Percent of People with Each Score
Percentile by Number Answered
Your Score History
You have not taken this quiz